Test culture générale- 3 - Statistiques

Statistiques générales
  • Ce quiz a été pris 8 973 fois
  • Le résultat moyen est 8 sur 10
Statistiques - réponses
Questions Réponses % Correct
Combien de jours compte une année bissextile? 366
94%
Dans quelle ville le Colisée (l’amphithéâtre Flavien) se trouve-t-il? Rome
94%
Quel est le pays membre de l’Union Européenne le plus peuplé? Allemagne
91%
Quel est l’accent du deuxième e sur le mot FENETRE? L’accent circonflexe
91%
Dans quel film Dark Vador déclare-t-il à Luke Skywalker: « Je suis ton père »? Star Wars: L'Empire contre-attaque
88%
Quel est le livre le plus vendu de l’histoire? La Bible
84%
Dans Bambi, quel animal est Pan-Pan? Un lapin
83%
Quelle est la date de la signature de l’armistice de la Première Guerre Mondiale? 11 novembre 1918
82%
Quel célèbre écrivain débute son plaidoyer en faveur du Capitaine Dreyfus par « J’accuse... »? Émile Zola
78%
À quel écrivain doit-on le personnage Boule de Suif? Maupassant
38%
Aucun quiz correspondant
Distribution des résultats
% des personnes avec chaque résultat
Percentile par nombre de réponses
Votre historique - résultats
Vous n’avez pas pris ce quiz